000 00640nam a2200253Ia 4500
005 20260306145508.0
008 008 260114s9999 xx 000 0 eng d
020 _a9780231546072
037 _aEbook
040 _aCRL
040 _beng
040 _cCRL
041 _2eng
041 _aeng
084 _qCRL
100 _aSalguero, C. Pierce
_91123899
245 2 _aA Global History of Buddhism and Medicine
260 _bColumbia University Press
260 _c2022
650 _aTheology and Religion
_91123750
856 _uhttps://www.degruyter.com/isbn/9780231546072
942 _cEBOOK
999 _c1688739
_d1688739